| 000 | 01191nam a2200325 i 4500 | ||
|---|---|---|---|
| 003 | EG-GICUC | ||
| 005 | 20260406121601.0 | ||
| 008 | 260406s1965 fr ||||fr|||| 001 0 fre d | ||
| 040 |
_aEG-GiCUC _bfre _cEG-GiCUC _dEG-GiCUC _eRda |
||
| 041 | 0 | _afre | |
| 082 | 0 | 4 |
_221 _a341.511 _bGA . P |
| 092 | 0 | 4 | _221 |
| 099 | _aLaw1 11 341.511 GA . P 1965 | ||
| 100 | 1 |
_aGaudemet-tallon, Hélène _eAuteur |
|
| 245 | 1 | 3 |
_aLa Prorogation Volontaire De Juridiction En Droit International Privé
/ _cPar Hélène Gaudemet-tallon; Préface De Henri Batiffol. |
| 264 | 1 |
_aParis : _bLibrairie Dalloz, _c1965. |
|
| 300 |
_a292 page, _c 24 cm. |
||
| 336 |
_2rda contenu _a texte |
||
| 337 |
_2rda medias _aOrdinateur |
||
| 338 |
_2 transporteur rda _a Ressource en ligne |
||
| 490 |
_aBibliothèque de drbF international privé _vVOLUME IV |
||
| 504 | _aBibliographie : pages 269-276. | ||
| 504 | _aComprend des références bibliographiques et un index. | ||
| 546 | _aTexte en français | ||
| 650 | 1 | 4 | _aDroit international privé |
| 700 | 1 |
_aBatiffol, Henri _ePréfacier |
|
| 856 | 4 | 0 | _uhttps://fll.law.cu.edu.eg/fulltext/bks/B11-09080.pdf |
| 905 | _a48 | ||
| 942 |
_2ddc _cBK _e21 _n0 |
||
| 999 |
_c69296 _d69296 |
||